Managing children with special needs : (Record no. 18232)
[ view plain ]
| 000 -LEADER | |
|---|---|
| fixed length control field | 00636nam a22002057a 4500 |
| 003 - CONTROL NUMBER IDENTIFIER | |
| control field | OSt |
| 005 - DATE AND TIME OF LATEST TRANSACTION | |
| control field | 20140310183010.0 |
| 008 - FIXED-LENGTH DATA ELEMENTS--GENERAL INFORMATION | |
| fixed length control field | 130211t xxu||||| |||| 00| 0 eng d |
| 020 ## - INTERNATIONAL STANDARD BOOK NUMBER | |
| International Standard Book Number | 9789712354908 |
| 050 ## - LIBRARY OF CONGRESS CALL NUMBER | |
| Classification number | LC 4717.5 |
| Item number | .M311 2009 |
| 245 ## - TITLE STATEMENT | |
| Title | Managing children with special needs : |
| Remainder of title | learning disability, ADHD, autism : special education handbook / |
| 260 ## - PUBLICATION, DISTRIBUTION, ETC. (IMPRINT) | |
| Place of publication, distribution, etc | Manila : |
| Name of publisher, distributor, etc | Rex Book Store, |
| Date of publication, distribution, etc | 2009. |
| 300 ## - PHYSICAL DESCRIPTION | |
| Extent | x, 304 p. : |
| Other physical details | ill. ; |
| Dimensions | 25 cm. |
| 521 ## - TARGET AUDIENCE NOTE | |
| Target audience note | |
| 650 ## - SUBJECT ADDED ENTRY--TOPICAL TERM | |
| Topical term or geographic name as entry element | Children with disabilities. |
| 650 ## - SUBJECT ADDED ENTRY--TOPICAL TERM | |
| Topical term or geographic name as entry element | Special education |
| Form subdivision | Principles and teaching. |
| 942 ## - ADDED ENTRY ELEMENTS (KOHA) | |
| Source of classification or shelving scheme | Library of Congress Classification |
| Koha item type | Books |
| Call number prefix | Local |
| Withdrawn status | Lost status | Source of classification or shelving scheme | Damaged status | Home library | Current library | Shelving location | Date acquired | Source of acquisition | Total Checkouts | Total Renewals | Full call number | Barcode | Date last seen | Date checked out | Copy number | Price effective from | Koha item type |
|---|---|---|---|---|---|---|---|---|---|---|---|---|---|---|---|---|---|
| Library of Congress Classification | Archives | Archives | 11/28/2013 | Donation | 2 | LC 4717.5 .M311 2009 | C11838 | 11/25/2019 | 11/21/2019 | 2 | 11/28/2013 | Books | |||||
| Library of Congress Classification | College Library | College Library | Filipiniana Section | 02/11/2013 | Library Fund | 1 | 1 | LC 4717.5 .M311 2009 | C12699 | 05/08/2018 | 02/12/2018 | 1 | 02/11/2013 | Books |